| 000 | 01179amm a2200397a 44500 | ||
|---|---|---|---|
| 008 | 161228s2016 cat | ||
| 041 | _acat | ||
| 041 | _beng | ||
| 041 | _bspa | ||
| 110 |
_aTERMCAT _960609 |
||
| 245 |
_aTerminologia de l'atenció integrada _h[en línia] _cGeneralitat de Catalunya. Departament de la Presidència; TERMCAT, Centre de Terminologia |
||
| 260 |
_aBarcelona _bTERMCAT, Centre de Terminologia _c2016 |
||
| 490 | _aDiccionaris en Línia | ||
| 500 | _btermcat | ||
| 520 | _a75 | ||
| 546 | _acatalà | ||
| 591 | _aATENINT-E | ||
| 592 | _aObra terminològica | ||
| 593 | _aEG | ||
| 593 | _aEI | ||
| 593 | _aER | ||
| 593 | _aERC | ||
| 593 | _aOK | ||
| 650 |
_aatenció integrada _965314 |
||
| 650 |
_ageriatria _964647 |
||
| 650 |
_aneurologia _963340 |
||
| 650 |
_asalut pública _963165 |
||
| 650 |
_aserveis socials _962891 |
||
| 710 |
_aCatalunya. Departament de la Presidència _974524 |
||
| 830 |
_aDiccionaris en Línia _974364 |
||
| 856 | _uhttps://www.termcat.cat/ca/diccionaris-en-linia/230 | ||
| 901 | _ccop. <2016> | ||
| 902 | _a161228 | ||
| 942 |
_cMO _n0 _2ddc |
||
| 999 |
_c66989 _d66989 |
||